00486nam a22001817a 4500010001100000035001100011037001800022040001200040082001900052245004100071260004800112270004200160300002600202505002200228650001900250650001600269700001900285 a284260 a284260 bCen Lib / Ret aDPLbEn a745.09519bKIM aKorean arts /cedied by Won-Yong Kim aSeoulbMinistry of Public Informationc1963 aMinistry of Public InformationbSeoul a(v 3. 224p)c27cm(Hb) av 3. Architecture a Art, Korean.  aArte (Asia) aKim, Won-Yong